Регионална библиотека "Любен Каравелов" - Русе

Ангелогласният (Запис номер 160548)

MARC детайли
000 -Лидер
Контролно поле с фиксирана дължина 03663nam a2200433 a 4500
003 - Код на организацията, давaща контролен номер
Контролно поле BLK
005 - Дата и час на последна редакция
Контролно поле 20240425083556.0
008 - Елементи от данни с фиксирана дължина
fixed length control field 180410b bul|||||r ||||||| ||bul||
010 ## - Наследен системен номер
LC control number KNG00167774000
040 ## - Източник на каталожния запис
Идентификатор на билиотеката - собственик на записа BLK
041 ## - Код за език
Код за езика на текст/звукозапис или на отделно заглавие Български
Код за езика КДБФ Български
072 #7 - Код за тематичната категория
Код организация bullib
Код за тематична категория К
Текст Краезнание
080 ## - УДК
Текстов определител УДК Българска литература
УДК код - определител по УДК 821.163.2
УДК определител -31
УДК - код + определител 821.163.2-31
080 ## - УДК
Текстов определител УДК Църковна музика. Религиозна музика
УДК код - определител по УДК 783
УДК определител (092)
УДК - код + определител 783(092)
080 ## - УДК
Текстов определител УДК Средновековен български светец, църковен певец и композитор, музикален теоретик и реформатор на византийското нотно писмо
УДК код - определител по УДК 929 Йоан Кукузел, св.
УДК - код + определител 929 Йоан Кукузел, св.
100 ## - Редна дума - Автор
Автор Немиров, Добри
Дати, свързани с автора 03.02.1882 – 30.09.1945
Автор - информация (биография) Добри Немиров е псевдоним на Добри Зарафов – български писател, председател на Съюза на българските писатели в периода 1937 – 1940 г. Поради липса на средства се самообразова, работи като дребен чиновник, библиотекар в БКД и в Министерството на благоустройството. За пръв път Немиров печата разкази през 1902 г. Сътрудничи на списанията „Учителска мисъл“, „Народен живот“, Демократически преглед“, „Хиперион“ и др. Автор е на повестите „Роб“, „Дялба“, „Бедния Лука“; романите „Братя“, „Кошмар“, „Другият“, „Ангелогласният“, „Първи бразди“, „Дело № 9“; разказите за деца „Когато бях малък“ и др. Пише пътеписи, рецензии и отзиви за художествени изложби, филми, театрални постановки и драма.
Пълна форма на името Зафиров, Добри Харалампиев
R(LIN) 251710
139 ## - Редно поле
Редна дума Немиров, Добри
Авторски знак Нем - Н 53
245 10 - Сведения за заглавието
Заглавие Ангелогласният
Подзаглавни данни Роман
Редно поле (дума) Добри Немиров.
257 ## - Страна на издаване
Страна на създаване/издаване България
260 ## - Област на издателските данни
Място на издаване, разпространение и проч. София
Име на издателя, разпространителя и проч. Древна България
Година на издаване 1938
Печатница София : печ. Древна България
9 (RLIN) 212901
300 ## - Физическа характеристика
Страници 159 с.
Размери/Мащаб 20 см
380 ## - Жанр
Жанр Худож. лит.
490 ## - СЕРИИ (Колекции)
Име на серия Библиотека Български исторически романи
№: серия Г. VIII, № 1
9 (RLIN) 201609
490 ## - СЕРИИ (Колекции)
Име на серия Частна колекция - Академик Михаил Арнаудов
9 (RLIN) 396381
Бележки за серията Дарение - Основен фонд
500 ## - Общи забележки
Забележка Истинското име на авт. Добри Харалампиев Зарафов.
600 14 - Име на лице, използвано като предмет
За него / За нея Йоан Кукузел
9 (RLIN) 315127
650 #0 - Допълнително описание по предмет – тема
9 (RLIN) 361912
Основно описание – тема или топоним Източноправославна църковна музика
650 #0 - Допълнително описание по предмет – тема
9 (RLIN) 241861
Основно описание – тема или топоним Композитори, български
700 ## - Други автори (авторска отговорност)
Лично име Зарафов, Добри Харалампиев
9 (RLIN) 327360
852 ## - Местоположение
Форматна сигнатура Цб 20748
Фондова буква Основен фонд - ползва се само за читалня
852 ## - Местоположение
Форматна сигнатура К 821.163.2/Н 53 Д
Фондова буква Краезнание
856 4# - Електронен адрес и достъп
Електронен формат pdf - файл
Инструкция (цена за достъп) 0.00
Права за достъп Достъп за регистрирани потребители
Име на файл Ангелогласният
Път до файла /url/ http://185.138.176.146:18082/cgi-bin/koha/opac-retrieve-file.pl?id=5f114799564bbff7e7b6ed802f1d9581
Допълнителна информация (Корица, съдържание, пълен текст, звуков файл, HTML файл) Електронна книга
Информация за съдържанието Ангелогласният
856 4# - Електронен адрес и достъп
Електронен формат pdf - файл
Инструкция (цена за достъп) 0.00
Права за достъп disable
999 ## - СИСТЕМНИ КОНТРОЛНИ НОМЕРА
Koha biblionumber 160548
Koha biblioitemnumber 160548
942 ## - АРТИКУЛИ
Вид на библиотечния материал Книги
Скрит в OPAC Не
Периодичен библиозапис Да
944 ## - СЪЗДАВАНЕ И РЕДАКЦИЯ на ЗАПИСА
Създаване/Редакция Създаване
Дата на регистрацията/редакция 27.11.2014
Статус, дата на статуса Нора Радева
Служител, извършил регистрацията/редакцията 30545
944 ## - СЪЗДАВАНЕ И РЕДАКЦИЯ на ЗАПИСА
Създаване/Редакция Редакция
Дата на регистрацията/редакция 2023-04-12
Служител, извършил регистрацията/редакцията Кети
999 ## - СИСТЕМНИ КОНТРОЛНИ НОМЕРА
Koha biblioitemnumber 160548
999 ## - СИСТЕМНИ КОНТРОЛНИ НОМЕРА
Koha biblioitemnumber 160548
Наличности
Код за отписване Код за изгубен артикул Източник на класификационната схема Код за повреда Коз за рестрикции Код за отдаване Артикулен № Име на библиотеката - собственик Име на библиотеката, в която се намира в момента Статус (Текущо местоположение) Дата на вписване в системата Местоположение - отдел Цена в лева Инвентарен номер Систематично азбучна сигнатура Баркод Номер на екземпляра Цена в евро Служебна бележка Служебен тип на артикула Номерация (Хронология)
  Не е изгубен Universal Decimal Classification Не е повреден без рестрикции ползва се в читалня 268399 Регионална библиотека "Любен Каравелов" Русе Регионална библиотека "Любен Каравелов" Русе Краезнание 1938-01-01 Краезнание 0.80 3318/61 К 821.163.2/Н 53 Д 900000003403 1 0.41 Вид: СФ Дата: 01.01.1938 Дата инв: 07.11.2017 Бележки инв: К2017 Книги  
  Не е изгубен Universal Decimal Classification Не е повреден без рестрикции ползва се в читалня 268400 Регионална библиотека "Любен Каравелов" Русе Регионална библиотека "Любен Каравелов" Русе Краезнание 1938-01-01 Краезнание 0.70 16053/67 К 821.163.2/Н 53 Д 900000003635 2 0.36 Вид: СФ Дата: 01.01.1938 Дата инв: 15.11.2017 Бележки инв: К2017 Книги  
  Не е изгубен Universal Decimal Classification Не е повреден без рестрикции ползва се в читалня 268401 Регионална библиотека "Любен Каравелов" Русе Регионална библиотека "Любен Каравелов" Русе Хранилище 1938-01-01 Основен фонд - ползва се само за читалня 0.80 172450 Цб 20748 120000172450 3 0.41 Вид: Сф Дата: 01.01.1938 Книги  
  Не е изгубен Universal Decimal Classification Не е повреден без рестрикции ползва се в читалня 268402 Регионална библиотека "Любен Каравелов" Русе Регионална библиотека "Любен Каравелов" Русе Хранилище 1938-01-01 Основен фонд - ползва се само за читалня 0.00 526423 Цб 20748 120000526423 4 0.00 Вид: Сф Дата: 01.01.1938 Книги  
  Не е изгубен Universal Decimal Classification Не е повреден без рестрикции Специални фондове ( старопечатни, редки и ценни, фонд М. Арнаудов) 742173 Регионална библиотека "Любен Каравелов" Русе Регионална библиотека "Любен Каравелов" Русе Фонд "Михаил Арнаудов"   Фонд "Михаил Арнаудов" 20.00 589744 МА 1803 120000589744 1 10.23   Книги  
Vip Innovations Ltd, Rousse, Bulgaria 2025